Designation of great hall of the Capitol Visitor Center as Emancipation Hall : report together with minority views (to accompany H.R. 3315) (including cost estimate of the Congressional Budget Office).

Disimpan dalam:
Butiran Bibliografi
Pengarang Korporat: United States. Congress. House. Committee on Transportation and Infrastructure.
Format: Buku
Bahasa:English
Diterbitkan: [Washington, D.C. : U.S. G.P.O., 2007]
Siri:Report / 110th Congress, 1st session, House of Representatives ; 110-436
Subjek-subjek:
Penanda-penanda: Tambah Penanda
Tiada Penanda, Jadilah orang pertama menanda rekod ini!
LEADER 01814cam a2200397 a 4500
001 011385357-2
005 20080213124455.0
008 071127s2007 dcu f000 0 eng c
035 0 |a ocn182541264 
040 |a GPO  |c GPO  |d GPO 
042 |a pcc 
043 |a n-us-dc 
050 1 4 |a KF32  |b .P896 2007zp 
074 |a 1008-C 
074 |a 1008-C (online) 
074 |a 1008-D (MF) 
074 |a 1008-D (online) 
086 0 |a Y 1.1/8:110-436 
110 1 |a United States.  |b Congress.  |b House.  |b Committee on Transportation and Infrastructure. 
245 1 0 |a Designation of great hall of the Capitol Visitor Center as Emancipation Hall :  |b report together with minority views (to accompany H.R. 3315) (including cost estimate of the Congressional Budget Office). 
260 |a [Washington, D.C. :  |b U.S. G.P.O.,  |c 2007] 
300 |a 7 p. ;  |c 24 cm. 
490 1 |a Report / 110th Congress, 1st session, House of Representatives ;  |v 110-436 
500 |a Caption title. 
500 |a Distributed to some depository libraries in microfiche. 
500 |a Shipping list no.: 2008-0103-P. 
500 |a "November 8, 2007." 
530 |a Also available via Internet from the GPO Access web site. Addresses as of 11/27/07: http://frwebgate.access.gpo.gov/cgi-bin/getdoc.cgi?dbname=110_cong_reports&docid=f:hr436.110 (text version), http://frwebgate.access.gpo.gov/cgi-bin/getdoc.cgi?dbname=110_cong_reports&docid=f:hr436.110.pdf (PDF version); current access is available via PURLs. 
610 2 0 |a United States Capitol Visitor Center (Washington, D.C.) 
650 0 |a Visitors' centers  |z Washington (D.C.) 
650 0 |a Slave labor  |z Washington (D.C.) 
650 0 |a Memorials  |z Washington (D.C.) 
810 1 |a United States.  |b Congress.  |b House.  |t Report ;  |v 110-436. 
988 |a 20080213 
049 |a HLSS 
906 |0 OCLC